Responses for Show #7471 - Monday, February 20, 2017

2017 College Championship semifinal game 1.

Contestants

[<< previous game]

Alex Bourzutschky, a junior at Caltech from Potomac, Maryland

Lilly Chin, a senior at MIT from Decatur, Georgia

Julia Marsan, a senior at Georgetown University from Brookfield, Wisconsin

[next game >>]

Jeopardy! Round responses

ALL IN A DAY'S WORK
ART & ARTISTS
(Alex Trebek: Each correct response will contain a...)
SILENT "K"
MATH 4U
NAMED FOR A PLACE
(Alex Trebek: We want you to name the artist as we...)
LET'S RAP, KIDS!
    $200 30
a commute

Alex
    $200 27
the Mona Lisa

Lilly
    $200 3
(Alex Bourzutschky: What is... knockback?)

knocking

Alex
Triple Stumper
    $200 4
a radius

Lilly
    $200 29
Troy

Alex
    $200 1
Drake

Lilly
    $400 28
coffee

Julia
    $400 19
Venus de Milo

Lilly
    $400 24
a knoll

Julia
    $400 8
scalene

Lilly
    $1,400 26
a mecca

Julia
    $400 25
(Alex Trebek: Yes, and I hope I don't get an e-mail from him.)
[Laughter]

Kanye West

Julia
    $600 23
human resources

Alex
    $600 13
American Gothic

Julia
    $600 16
a knell

Lilly
    $600 22
a function

Alex
    $600 5
(Alex Trebek: That's an [*]; talking Turkey--[*], Ankara.)

Angora

Triple Stumper
    $600 11
Kendrick Lamar

Julia
    $800 20
overtime

Lilly
    $800 6
Chicago

Julia
    $800 17
(Julia: What is a knot? ...[**]?)

knotty (knotted accepted)

Julia
    $800 2
e

Alex
    $800 9
the Palatine

Julia
    $800 12
(Alex Bourzutschky: Who is Kanye West?)

Lil Wayne

LillyAlex
    $1000 21
(Alex Trebek: And that measure is [*]; I'm efficient.)

productivity

Triple Stumper
    $1000 7
Monet

Alex
    $1000 18
knee-jerk

Alex
    $1000 15
hyperbola

Lilly
    $1000 10
tennessine

Triple Stumper
    $1000 14
(Alex Trebek: I was just getting into this rap thing. I'm not too good at it, but I was getting into it.)

Desiigner

Lilly

Scores at the first commercial break (after clue 14):

Julia Lilly Alex
$2,800 $2,600 $800

Scores at the end of the Jeopardy! Round:

Julia Lilly Alex
$6,200 $5,600 $3,400

Double Jeopardy! Round responses

PRESIDENT'S DAY
(Alex Trebek: You guys have to ID the president.)
WOMEN WRITERS
TAKE A PEAK
FLOWERS
BRITISH ENGLISH
PUTTING THE "R" IN ENTERTAINMENT
    $400 24
Reagan

Julia
    $400 29
[Julia pronounces it with a soft "G".]
(Alex Trebek: [With a hard "G"] [*], right.)

Gillian Flynn

Julia
    $400 1
Fuji

Lilly
    $400 27
a pea

Julia
    $400 28
amber

Alex
    $400 30
"Rolling in the Deep"

Julia
    $800 11
Wilson

Julia
    $800 25
(Agatha) Christie

Lilly
    $800 23
the Matterhorn

Alex
    $800 26
tulips

Lilly
    $800 20
chum

Lilly
    $800 22
Rey

Lilly
    $1200 7
Eisenhower

Julia
    $1200 8
(Beverly) Cleary

Lilly
    $1200 4
(Alex Bourzutschky: What is Montana?)

Washington

LillyAlex
    $1200 2
(Alex Trebek: And that is why they are called [*].)

tea roses

Triple Stumper
    $1200 18
(nail) polish

Julia
    $1200 14
Rick and Morty

Lilly
    $1600 5
(Lilly: Who is Roosevelt?)
(Alex Trebek: Which one?)
(Lilly: Theodore?)

Theodore Roosevelt

Lilly
    $2,000 12
(Alex Trebek: Yes, and you got the initial in, too. Good for you.)

Pearl S. Buck

Julia
    $1600 9
Kilauea

Alex
    $1600 21
(Lilly: What is goldenrod?)

marigold

JuliaLilly
    $1600 3
a full stop

Alex
    $1600 16
Rae Sremmurd

Julia
    $2000 6
(Zachary) Taylor

Alex
    $2000 13
Sappho

Julia
    $2000 10
Kilimanjaro & Kenya

Alex
    $2,000 15
(Lilly: Who is [*]?)

iris

Lilly
    $2000 19
a comforter

Triple Stumper
    $2000 17
(J. K.) Rowling

Alex

Scores at the end of the Double Jeopardy! Round:

Julia Lilly Alex
$18,200 $14,800 $12,600

[wagering suggestions for these scores]

Final Jeopardy! Round responses

WORD ORIGINS
AlexWhat is fatlip
$12,600
LillyWhat is selfie
$8,001
JuliaWhat is swoll?
$8,200
selfie

Final scores:

Julia Lilly Alex
$10,000 $22,801 $0
2nd place: $10,000 Finalist 3rd place: $10,000

Game dynamics:

Coryat scores:

Julia Lilly Alex
$16,800 $14,800 $12,600
20 R
(including 2 DDs),
0 W
20 R
(including 1 DD),
1 W
14 R,
3 W

Combined Coryat: $44,200

[game clues] [game scores] [suggest correction]

Game tape date: 2017-01-11
The J! Archive is created by fans, for fans. Scraping, republication, monetization, and malicious use prohibited; this site may use cookies and collect identifying information. See terms. The Jeopardy! game show and all elements thereof, including but not limited to copyright and trademark thereto, are the property of Jeopardy Productions, Inc. and are protected under law. This website is not affiliated with, sponsored by, or operated by Jeopardy Productions, Inc. Join the discussion at JBoard.tv.